Statistics for All UEFA Champions League Winners

Click here to take the quiz!

General Stats

  • This quiz has been taken 262 times
    (103 since last reset)
  • The average score is 61 of 68

Answer Stats

YearWinner% Correct
1955-56Real Madrid
100%
2016-17Real Madrid
100%
2001-02Real Madrid
100%
1956-57Real Madrid
100%
2013-14Real Madrid
100%
1999-00Real Madrid
100%
2015-16Real Madrid
100%
1965-66Real Madrid
100%
2017-18Real Madrid
100%
1997-98Real Madrid
100%
2021-22Real Madrid
100%
1959-60Real Madrid
100%
1958-59Real Madrid
100%
1957-58Real Madrid
100%
1975-76Bayern Munich
99%
2019-20Bayern Munich
99%
2012-13Bayern Munich
99%
2000-01Bayern Munich
99%
1973-74Bayern Munich
99%
1974-75Bayern Munich
99%
2010-11FC Barcelona
99%
2005-06FC Barcelona
99%
2008-09FC Barcelona
99%
2014-15FC Barcelona
99%
1991-92FC Barcelona
99%
1976-77Liverpool
99%
1977-78Liverpool
99%
2004-05Liverpool
99%
1980-81Liverpool
99%
1983-84Liverpool
99%
2018-19Liverpool
99%
2022-23Manchester City
97%
1967-68Manchester United
97%
2007-08Manchester United
97%
1998-99Manchester United
97%
2020-21Chelsea
96%
2011-12Chelsea
96%
1989-90AC Milan
95%
2002-03AC Milan
95%
2006-07AC Milan
95%
1968-69AC Milan
95%
1962-63AC Milan
95%
1993-94AC Milan
95%
1988-89AC Milan
95%
1964-65Inter Milan
91%
1963-64Inter Milan
91%
2009-10Inter Milan
91%
2003-04Porto
87%
1986-87Porto
87%
1970-71Ajax
84%
1971-72Ajax
84%
1972-73Ajax
84%
1994-95Ajax
84%
1996-97Borussia Dortmund
84%
1984-85Juventus
83%
1995-96Juventus
83%
1978-79Nottingham Forest
83%
1979-80Nottingham Forest
83%
1981-82Aston Villa
76%
1961-62Benfica
71%
1960-61Benfica
71%
1992-93Olympique Marseille
67%
1987-88PSV
64%
1969-70Feyenoord
62%
1990-91Red Star Belgrade
59%
1966-67Celtic
54%
1985-86Steaua București
41%
1982-83Hamburger
30%

Score Distribution

Percentile by Number Answered

Percent of People with Each Score

Your Score History

You have not taken this quiz since the last reset